Wolfgang Amadeus Mozart / (Registro nro. 9281)

Detalles MARC
000 -LIDER
fixed length control field 00832nam a22002777a 4500
001 - NÚMERO DE CONTROL
Identificador de número de control 00103
003 - IDENTIFICACDOR DE NÚMERO DE CONTROL
control field DO-SdBNP
005 - DATE AND TIME OF LATEST TRANSACTION
control field 20250807104414.0
007 - CAMPOS FIJOS DE DESCRIPCIÓN FÍSICA
fixed length control field 00103
008 - ELEMENTOS DE LONGITUD FIJA
fixed length control field 160317b 1996 sp| 00| 0 spa d
020 ## - ISBN
International Standard Book Number 848750728X
040 ## - FUENTE DE CATALOGACIÓN
Agencia que crea de manera original el registro BPMSU
Idioma de catalogación spa
Agencia que realiza la transcripción BPMSU
082 #4 - NÚMERO DE CLASIFICACIÓN DECIMAL DE DEWEY
Classification number 927.8
Item number M939A 1996
Edition number 22
100 1# - ASIENTO PRINCIPAL -- NOMBRE PERSONAL
Nombre personal Andrés, Ramón
245 10 - MENCIÓN DE TITULO
Título Wolfgang Amadeus Mozart /
Mención de responsabilidad Ramón Andrés
250 ## - MENCIÓN DE EDICION
Mención de edición 3a ed.
260 ## - PUBLICACIÓN, DISTRIBUCIÓN, ETC. (PIE DE IMPRENTA)
Lugar de publicación, distribución, etc España :
Nombre del editor, distribuidor, etc. Ediciones Rueda J. M.,
Fecha de publicación, distribución, etc 1996
300 ## - DESCRIPCIÓN FÍSICA
Materiales especificados 198 p. :
Otros detalles físicos il.,
Dimensiones 25 cm.
490 0# - MENCIÓN DE SERIES
Mención de serie Grandes biografías
504 ## - NOTA DE BIBLIOGRAFÍA, ETC.
Bibliography, etc Bibliografía: p. 198
590 ## - NOTA LOCAL
Enlace Inventariado, 2023/VM
600 14 - ENCABEZAMIENTO DE MATERIA--NOMBRE PERSONAL
Nombre personal Mozart, Johann Chrysostom Wolfgang Amadeus,
Fechas asociadas con el nombre 1756-1791
Subdivisión de forma Biografías
650 #4 - ENCABEZAMIENTO DE MATERIA--TEMÁTICO
Término temático o nombre geográfico como elemento de entrada Músicos alemanes
Subdivisión de forma Biografías
910 ## - VALIDACIÓN
Validación Brenda Tavárez/ VMateo V. Control de calidad (BPMSU)
942 ## - ADDED ENTRY ELEMENTS (KOHA)
Source of classification or shelving scheme Dewey Decimal Classification
Koha item type Libros
Existencias
Withdrawn status Lost status Source of classification or shelving scheme Damaged status Not for loan Collection code Home library Current library Date acquired Source of acquisition Full call number Barcode Date last seen Price effective from Koha item type
    Dewey Decimal Classification     Colección General Biblioteca Pública Metropolitana Salomé Ureña Biblioteca Pública Metropolitana Salomé Ureña 03/17/2016 Donación BPMSU CG 927.8 M939A 1996 BPMSU16030156 03/17/2016 03/17/2016 Libros